00243nam a2200073Ia 4500082001500000245006400015100004900079008004100128 a914.81 SUD 0aCulture shock! Norway : [a guide to customs and etiquette]  a SU-DALE, Elizabeth Singapore, 1995 210817s9999 xx 000 0 und d